[Event "MP do lat 16 - dziewczeta"]
[Site "Sypniewo"]
[Date "2022.03.22"]
[Round "4.5"]
[White "Starosta, Martyna"]
[Black "Szczotka, Matylda"]
[Result "1-0"]
[BlackElo "1479"]
[WhiteElo "1894"]
[LiveChessVersion "1.4.8"]

1. e4 {[%clk 1:30:57]} e5 {[%clk 1:30:56]} 2. Nf3 {[%clk 1:31:22]} Nc6
{[%clk 1:31:21]} 3. Bb5 {[%clk 1:31:44]} a6 {[%clk 1:31:45]} 4. Ba4
{[%clk 1:32:10]} Nf6 {[%clk 1:32:03]} 5. O-O {[%clk 1:32:34]} Be7
{[%clk 1:32:26]} 6. Re1 {[%clk 1:32:49]} b5 {[%clk 1:32:43]} 7. Bb3
{[%clk 1:33:14]} d6 {[%clk 1:33:06]} 8. h3 {[%clk 1:33:24]} Na5 {[%clk 1:31:45]}
9. c3 {[%clk 1:31:49]} Nxb3 {[%clk 1:29:52]} 10. Qxb3 {[%clk 1:32:10]} O-O
{[%clk 1:26:47]} 11. d4 {[%clk 1:30:23]} exd4 {[%clk 1:16:22]} 12. cxd4
{[%clk 1:29:43]} d5 {[%clk 1:03:16]} 13. e5 {[%clk 1:27:59]} Ne4 {[%clk 0:59:23]}
14. Nc3 {[%clk 1:27:03]} Be6 {[%clk 0:57:21]} 15. Be3 {[%clk 1:21:59]} c5
{[%clk 0:49:04]} 16. a3 {[%clk 1:11:38]} c4 {[%clk 0:40:11]} 17. Qc2
{[%clk 1:10:03]} Nxc3 {[%clk 0:38:39]} 18. bxc3 {[%clk 1:10:03]} Qd7
{[%clk 0:32:57]} 19. Bg5 {[%clk 1:04:09]} Bxg5 {[%clk 0:25:43]} 20. Nxg5
{[%clk 1:04:33]} Bf5 {[%clk 0:25:26]} 21. Qd2 {[%clk 1:03:37]} h6
{[%clk 0:24:30]} 22. Nf3 {[%clk 1:03:29]} a5 {[%clk 0:17:47]} 23. Nh4
{[%clk 1:02:16]} Bh7 {[%clk 0:16:58]} 24. f4 {[%clk 0:59:24]} Be4
{[%clk 0:10:16]} 25. Rf1 {[%clk 0:54:45]} f5 {[%clk 0:09:21]} 26. exf6 Rxf6
{[%clk 0:09:24]} 27. Nf3 {[%clk 0:45:31]} Bxf3 {[%clk 0:08:22]} 28. Rxf3
{[%clk 0:45:55]} Re8 {[%clk 0:08:08]} 29. Rb1 {[%clk 0:44:36]} Rfe6
{[%clk 0:06:06]} 30. f5 {[%clk 0:38:59]} Rf6 {[%clk 0:04:40]} 31. g4
{[%clk 0:33:45]} Ref8 {[%clk 0:03:20]} 32. Kg2 {[%clk 0:28:12]} R8f7
{[%clk 0:02:01]} 33. Qf4 {[%clk 0:27:20]} Rf8 {[%clk 0:02:02]} 34. Re3
{[%clk 0:26:49]} Rb6 {[%clk 0:01:24]} 35. Kf3 {[%clk 0:15:03]} Rbf6
{[%clk 0:01:01]} 36. Ke2 {[%clk 0:12:43]} R6f7 {[%clk 0:00:43]} 37. Qe5
{[%clk 0:11:08]} Kh8 {[%clk 0:00:45]} 38. Kd2 {[%clk 0:11:08]} Qb7
{[%clk 0:00:41]} 39. Qd6 {[%clk 0:09:24]} Rf6 {[%clk 0:00:38]} 40. Qc5
{[%clk 0:38:16]} Rb8 {[%clk 0:30:34]} 41. Re7 {[%clk 0:37:19]} Qa6
{[%clk 0:28:40]} 42. Rxg7 {[%clk 0:29:00]} Kxg7 {[%clk 0:26:19]} 43. Qc7+
{[%clk 0:29:24]} Rf7 {[%clk 0:25:25]} 44. Qxb8 {[%clk 0:29:48]} b4
{[%clk 0:23:11]} 45. axb4 {[%clk 0:27:14]} axb4 {[%clk 0:23:26]} 46. Rxb4
{[%clk 0:27:11]} Qa2+ {[%clk 0:23:11]} 47. Rb2 {[%clk 0:27:17]} Qa1
{[%clk 0:22:21]} 48. Qe5+ {[%clk 0:26:42]} Kh7 {[%clk 0:22:22]} 49. Rb8
{[%clk 0:26:20]} Qa2+ {[%clk 0:21:43]} 50. Ke3 {[%clk 0:26:32]} Rg7
{[%clk 0:21:58]} 51. Qe8 {[%clk 0:26:43]} Re7+ {[%clk 0:21:25]} 52. Qxe7#
{[%clk 0:27:07]} 1-0

[Event "MP do lat 16 - dziewczeta"]
[Site "Sypniewo"]
[Date "2022.03.22"]
[Round "4.6"]
[White "Rejniak, Zuzanna"]
[Black "Kicinska, Magdalena"]
[Result "1-0"]
[BlackElo "1436"]
[WhiteElo "1816"]
[LiveChessVersion "1.4.8"]

1. e4 {[%clk 1:30:57]} c6 {[%clk 1:30:56]} 2. d4 {[%clk 1:31:23]} d5
{[%clk 1:31:20]} 3. Nc3 {[%clk 1:31:49]} dxe4 {[%clk 1:31:39]} 4. Nxe4
{[%clk 1:32:15]} Bf5 {[%clk 1:32:03]} 5. Ng3 {[%clk 1:32:38]} Bg6
{[%clk 1:32:26]} 6. Nh3 {[%clk 1:33:03]} Nd7 {[%clk 1:31:53]} 7. Nf4
{[%clk 1:27:59]} e5 {[%clk 1:30:36]} 8. Nxg6 {[%clk 1:27:58]} hxg6
{[%clk 1:30:53]} 9. dxe5 {[%clk 1:20:57]} Qa5+ {[%clk 1:29:40]} 10. Bd2
{[%clk 1:15:24]} Qxe5+ {[%clk 1:30:00]} 11. Qe2 {[%clk 1:15:51]} O-O-O
{[%clk 1:27:55]} 12. Qxe5 {[%clk 1:15:39]} Nxe5 {[%clk 1:28:17]} 13. Be2
{[%clk 1:15:23]} Nf6 {[%clk 1:26:15]} 14. h3 {[%clk 1:05:50]} Bc5
{[%clk 1:17:58]} 15. Bc3 {[%clk 1:05:50]} Bd4 {[%clk 1:15:11]} 16. Bxd4
{[%clk 1:04:18]} Rxd4 {[%clk 1:15:08]} 17. O-O {[%clk 1:00:35]} Rd2
{[%clk 1:06:20]} 18. f4 {[%clk 0:55:06]} Ned7 {[%clk 1:00:55]} 19. Bd3
{[%clk 0:52:10]} Nc5 {[%clk 0:59:20]} 20. Rad1 {[%clk 0:52:26]} Rxd1
{[%clk 0:58:07]} 21. Rxd1 {[%clk 0:52:51]} Nxd3 {[%clk 0:51:23]} 22. Rxd3
{[%clk 0:53:14]} Re8 {[%clk 0:44:07]} 23. Kf2 {[%clk 0:47:18]} Nd5
{[%clk 0:43:28]} 24. f5 {[%clk 0:38:23]} Nf4 {[%clk 0:33:52]} 25. Rd4
{[%clk 0:37:49]} g5 {[%clk 0:33:13]} 26. Ne4 {[%clk 0:37:07]} Re5
{[%clk 0:30:00]} 27. Kf3 {[%clk 0:28:17]} f6 {[%clk 0:26:24]} 28. h4
{[%clk 0:27:47]} Nd5 {[%clk 0:23:21]} 29. hxg5 {[%clk 0:24:39]} fxg5
{[%clk 0:21:11]} 30. g4 {[%clk 0:24:10]} b5 {[%clk 0:12:34]} 31. c4
{[%clk 0:20:00]} Nf6 {[%clk 0:09:56]} 32. Nxf6 {[%clk 0:16:13]} gxf6
{[%clk 0:08:58]} 33. Rd6 {[%clk 0:15:52]} Kc7 {[%clk 0:03:23]} 34. Rxf6
{[%clk 0:16:18]} bxc4 {[%clk 0:03:48]} 35. Rf7+ {[%clk 0:16:14]} Kb6
{[%clk 0:04:12]} 36. Rd7 {[%clk 0:15:08]} Re1 {[%clk 0:03:25]} 37. Rd2
{[%clk 0:13:30]} Rf1+ {[%clk 0:03:33]} 38. Rf2 {[%clk 0:11:13]} Re1
{[%clk 0:03:54]} 39. f6 {[%clk 0:11:24]} Re8 {[%clk 0:04:17]} 40. f7
{[%clk 0:41:41]} Rf8 {[%clk 0:34:39]} 41. Ke4 {[%clk 0:42:07]} Kc7
{[%clk 0:34:40]} 42. Ke5 {[%clk 0:41:43]} Kd7 {[%clk 0:33:43]} 1-0

[Event "MP do lat 16 - dziewczeta"]
[Site "Sypniewo"]
[Date "2022.03.22"]
[Round "4.7"]
[White "Tokarz, Izabela"]
[Black "Pietrzak, Emilia"]
[Result "1-0"]
[BlackElo "1474"]
[WhiteElo "1796"]
[LiveChessVersion "1.4.8"]

1. d4 {[%clk 1:30:53]} d5 {[%clk 1:30:58]} 2. c4 {[%clk 1:31:16]} c6
{[%clk 1:31:23]} 3. Nf3 {[%clk 1:31:42]} e6 {[%clk 1:31:47]} 4. Nc3
{[%clk 1:32:00]} dxc4 {[%clk 1:32:12]} 5. a4 {[%clk 1:32:22]} Bb4
{[%clk 1:32:35]} 6. e3 {[%clk 1:24:54]} b5 {[%clk 1:32:41]} 7. Ne5
{[%clk 1:20:26]} Nf6 {[%clk 1:27:49]} 8. Bd2 {[%clk 1:19:53]} a5 {[%clk 1:26:30]}
9. axb5 {[%clk 1:08:31]} Bxc3 {[%clk 1:26:22]} 10. Bxc3 {[%clk 1:08:58]} cxb5
{[%clk 1:26:07]} 11. Qf3 {[%clk 1:05:59]} Ra7 {[%clk 1:12:28]} 12. Nc6
{[%clk 1:02:57]} Nxc6 {[%clk 1:11:58]} 13. Qxc6+ {[%clk 1:03:21]} Bd7
{[%clk 1:10:27]} 14. Qc5 {[%clk 0:56:19]} Ra8 {[%clk 0:58:54]} 15. f3
{[%clk 0:48:51]} Nd5 {[%clk 0:52:41]} 16. Bd2 {[%clk 0:48:10]} Qe7
{[%clk 0:49:26]} 17. e4 {[%clk 0:44:56]} Qxc5 18. dxc5 {[%clk 0:45:20]} Ne7
{[%clk 0:43:40]} 19. Rxa5 {[%clk 0:45:03]} Rxa5 {[%clk 0:43:33]} 20. Bxa5
{[%clk 0:45:32]} Nc6 {[%clk 0:42:25]} 21. Bc7 {[%clk 0:45:05]} O-O
{[%clk 0:41:49]} 22. Be2 {[%clk 0:44:20]} Ra8 {[%clk 0:39:22]} 23. Kf2
{[%clk 0:44:02]} Ra7 {[%clk 0:32:56]} 24. Bb6 {[%clk 0:44:02]} Ra2
{[%clk 0:32:43]} 25. Rd1 {[%clk 0:43:08]} Be8 {[%clk 0:32:17]} 26. Rb1
{[%clk 0:42:46]} Nd4 {[%clk 0:27:09]} 27. Ke3 {[%clk 0:37:43]} Nxe2
{[%clk 0:18:52]} 28. Kxe2 {[%clk 0:38:11]} b4 {[%clk 0:18:32]} 29. Ke3
{[%clk 0:37:09]} Ba4 {[%clk 0:11:27]} 30. Kd4 {[%clk 0:35:19]} Bc2
{[%clk 0:07:27]} 31. Rc1 {[%clk 0:35:35]} Bd3 {[%clk 0:05:49]} 32. c6
{[%clk 0:35:03]} f6 {[%clk 0:04:36]} 33. c7 {[%clk 0:35:06]} Ra8 {[%clk 0:03:31]}
34. b3 {[%clk 0:34:18]} e5+ {[%clk 0:02:31]} 35. Ke3 {[%clk 0:34:42]} Kf7
{[%clk 0:00:58]} 36. bxc4 {[%clk 0:34:55]} Ra3 37. c8=Q Bxc4+ {[%clk 0:00:52]}
38. Kf2 {[%clk 0:35:23]} Ra2+ {[%clk 0:00:36]} 39. Kg3 {[%clk 0:35:48]} Bb3
{[%clk 0:00:40]} 40. Rc7+ {[%clk 1:06:06]} Kg6 {[%clk 0:31:02]} 41. Qf5+
{[%clk 1:06:30]} Kh6 {[%clk 0:31:17]} 42. Qh3+ {[%clk 1:06:58]} Kg6
{[%clk 0:31:42]} 43. Qg4+ {[%clk 1:07:25]} 1-0

[Event "MP do lat 16 - dziewczeta"]
[Site "Sypniewo"]
[Date "2022.03.22"]
[Round "4.8"]
[White "Szopa, Emilia"]
[Black "Pastuszko, Katarzyna"]
[Result "1-0"]
[BlackElo "1422"]
[WhiteElo "1758"]
[LiveChessVersion "1.4.8"]

1. e4 {[%clk 1:30:52]} e5 {[%clk 1:30:51]} 2. Bc4 {[%clk 1:30:52]} Nf6
{[%clk 1:31:00]} 3. d3 {[%clk 1:30:38]} Bc5 {[%clk 1:30:42]} 4. Nc3
{[%clk 1:28:11]} a6 {[%clk 1:29:13]} 5. Nf3 {[%clk 1:19:32]} Nc6 {[%clk 1:27:26]}
6. O-O {[%clk 1:15:56]} h6 {[%clk 1:19:57]} 7. Ne2 {[%clk 1:11:10]} O-O
{[%clk 1:19:01]} 8. a3 {[%clk 1:07:22]} d5 {[%clk 1:15:45]} 9. exd5
{[%clk 1:05:23]} Nxd5 {[%clk 1:14:48]} 10. Ng3 {[%clk 1:04:31]} Be6
{[%clk 1:13:01]} 11. Re1 {[%clk 0:56:10]} Kh8 {[%clk 1:08:00]} 12. h3
{[%clk 0:47:11]} Qd7 {[%clk 0:56:37]} 13. Nxe5 {[%clk 0:39:57]} Nxe5
{[%clk 0:48:05]} 14. Rxe5 {[%clk 0:39:46]} Bd4 {[%clk 0:45:02]} 15. Re1
{[%clk 0:34:16]} Rae8 {[%clk 0:38:26]} 16. Qf3 {[%clk 0:27:35]} Bg4
{[%clk 0:22:56]} 17. Rxe8 {[%clk 0:17:08]} Bxf3 {[%clk 0:22:43]} 18. Rxf8+
{[%clk 0:17:31]} Kh7 {[%clk 0:22:45]} 19. Bd2 {[%clk 0:13:23]} Bc5
{[%clk 0:13:06]} 20. Rb8 {[%clk 0:12:49]} c6 {[%clk 0:07:19]} 21. d4
{[%clk 0:08:17]} Bd6 {[%clk 0:06:21]} 22. Bd3+ {[%clk 0:08:05]} g6
{[%clk 0:05:31]} 23. Ra8 {[%clk 0:07:17]} Nb6 {[%clk 0:05:00]} 24. Ra7
{[%clk 0:07:13]} Bb8 {[%clk 0:04:54]} 25. gxf3 {[%clk 0:06:59]} Bxa7
{[%clk 0:04:47]} 26. Re1 {[%clk 0:05:06]} Bb8 {[%clk 0:03:39]} 27. Ne4
{[%clk 0:05:01]} Qxh3 {[%clk 0:02:57]} 28. Nf6+ {[%clk 0:04:24]} Kg7
{[%clk 0:02:59]} 29. Ng4 {[%clk 0:04:03]} h5 {[%clk 0:02:16]} 30. Ne5
{[%clk 0:03:15]} f6 {[%clk 0:01:41]} 31. Bf1 {[%clk 0:03:09]} Qh4
{[%clk 0:01:38]} 32. Re4 {[%clk 0:03:22]} Qxe4 {[%clk 0:01:40]} 33. fxe4
{[%clk 0:03:43]} fxe5 {[%clk 0:02:02]} 34. Be3 {[%clk 0:02:33]} Nc8
{[%clk 0:01:23]} 35. c3 {[%clk 0:01:35]} Kf6 {[%clk 0:01:19]} 36. d5
{[%clk 0:00:46]} Nd6 {[%clk 0:00:49]} 37. f3 {[%clk 0:00:47]} cxd5
{[%clk 0:01:01]} 38. exd5 {[%clk 0:01:13]} b5 {[%clk 0:00:59]} 39. b3
{[%clk 0:00:55]} e4 {[%clk 0:01:01]} 40. f4 {[%clk 0:30:40]} Nf5 {[%clk 0:31:15]}
41. Kf2 {[%clk 0:29:49]} Bd6 {[%clk 0:28:26]} 42. b4 {[%clk 0:28:18]} Nxe3
{[%clk 0:21:31]} 43. Kxe3 {[%clk 0:28:30]} g5 {[%clk 0:21:36]} 44. fxg5+
{[%clk 0:26:55]} Kxg5 {[%clk 0:18:17]} 45. Kxe4 {[%clk 0:25:37]} Kg4
{[%clk 0:18:10]} 46. c4 {[%clk 0:24:24]} bxc4 {[%clk 0:17:43]} 47. Bxc4
{[%clk 0:24:44]} h4 {[%clk 0:17:31]} 48. Bxa6 {[%clk 0:24:53]} h3
{[%clk 0:16:36]} 49. Bc8+ {[%clk 0:25:06]} Kg3 {[%clk 0:16:51]} 50. Bxh3
{[%clk 0:25:29]} Kxh3 {[%clk 0:17:14]} 51. Kf5 {[%clk 0:24:59]} Kg3
{[%clk 0:16:58]} 52. Ke6 {[%clk 0:25:22]} Bf4 {[%clk 0:15:31]} 53. d6
{[%clk 0:24:37]} Bg5 {[%clk 0:14:07]} 54. a4 {[%clk 0:24:43]} Kf4
{[%clk 0:12:37]} 55. a5 {[%clk 0:24:34]} Ke4 {[%clk 0:11:58]} 56. a6
{[%clk 0:24:41]} Be3 {[%clk 0:12:08]} 57. d7 {[%clk 0:25:04]} Bb6
{[%clk 0:12:24]} 58. a7 {[%clk 0:25:26]} 1-0

[Event "MP do lat 16 - dziewczeta"]
[Site "Sypniewo"]
[Date "2022.03.22"]
[Round "4.9"]
[White "Zybrant, Sandra"]
[Black "Kucharska, Helena"]
[Result "1-0"]
[BlackElo "1687"]
[WhiteElo "1269"]
[LiveChessVersion "1.4.8"]

1. e4 {[%clk 1:30:58]} e6 {[%clk 1:30:49]} 2. d4 d5 {[%clk 1:30:54]} 3. Bd3
{[%clk 1:31:50]} c5 {[%clk 1:30:20]} 4. exd5 {[%clk 1:32:16]} exd5
{[%clk 1:30:34]} 5. Nf3 {[%clk 1:32:20]} c4 {[%clk 1:30:45]} 6. Be2
{[%clk 1:32:42]} Nc6 {[%clk 1:30:04]} 7. O-O {[%clk 1:32:41]} Bd6
{[%clk 1:24:18]} 8. b3 {[%clk 1:32:15]} b5 {[%clk 1:20:27]} 9. a4
{[%clk 1:30:25]} Ba6 {[%clk 1:07:25]} 10. axb5 {[%clk 1:30:01]} Bxb5
{[%clk 1:07:43]} 11. Nc3 {[%clk 1:30:16]} a6 {[%clk 1:05:26]} 12. Nxd5
{[%clk 1:17:20]} Bxh2+ {[%clk 1:01:02]} 13. Nxh2 {[%clk 1:17:49]} Qxd5
{[%clk 1:01:02]} 14. Bf3 {[%clk 1:17:40]} Qd6 {[%clk 1:00:35]} 15. Re1+
{[%clk 1:15:53]} Kd8 {[%clk 0:56:26]} 16. Ba3 {[%clk 1:14:47]} Qd7
{[%clk 0:52:49]} 17. d5 {[%clk 1:12:16]} Na7 {[%clk 0:49:14]} 18. bxc4
{[%clk 1:12:02]} Bxc4 {[%clk 0:48:58]} 19. Qd4 {[%clk 1:12:05]} 1-0

[Event "MP do lat 16 - dziewczeta"]
[Site "Sypniewo"]
[Date "2022.03.22"]
[Round "4.10"]
[White "Giemza, Julia"]
[Black "Grzesik, Nikola"]
[Result "1/2-1/2"]
[BlackElo "1374"]
[WhiteElo "1512"]
[LiveChessVersion "1.4.8"]

1. e4 {[%clk 1:30:59]} c5 {[%clk 1:30:55]} 2. Nf3 {[%clk 1:31:24]} Nc6
{[%clk 1:31:18]} 3. Bb5 {[%clk 1:31:46]} d6 {[%clk 1:31:27]} 4. Bxc6+
{[%clk 1:32:00]} bxc6 {[%clk 1:31:48]} 5. O-O {[%clk 1:31:42]} Nf6
{[%clk 1:32:07]} 6. Re1 {[%clk 1:31:51]} e5 {[%clk 1:27:00]} 7. h3
{[%clk 1:31:02]} g6 {[%clk 1:25:46]} 8. c3 {[%clk 1:29:54]} Bg7 {[%clk 1:24:47]}
9. d4 {[%clk 1:27:23]} cxd4 {[%clk 1:24:29]} 10. cxd4 {[%clk 1:27:48]} Qc7
{[%clk 1:21:38]} 11. Nc3 {[%clk 1:24:06]} O-O {[%clk 1:21:34]} 12. dxe5
{[%clk 1:23:37]} dxe5 {[%clk 1:21:53]} 13. Be3 {[%clk 1:22:10]} Be6
{[%clk 1:18:06]} 14. Qa4 {[%clk 1:16:11]} Nd7 {[%clk 1:14:55]} 15. Rac1
{[%clk 1:13:34]} Qb7 {[%clk 1:12:54]} 16. Qc2 {[%clk 1:09:27]} Nb6
{[%clk 1:09:59]} 17. b3 {[%clk 1:06:23]} Rac8 {[%clk 1:07:42]} 18. Bc5
{[%clk 1:00:29]} Rfd8 {[%clk 1:05:15]} 19. Red1 {[%clk 0:57:34]} f6
{[%clk 1:01:45]} 20. Ne1 {[%clk 0:54:58]} Bh6 {[%clk 0:59:20]} 21. Rb1
{[%clk 0:54:45]} Qg7 {[%clk 0:49:21]} 22. a4 {[%clk 0:51:39]} Rxd1
{[%clk 0:44:35]} 23. Rxd1 {[%clk 0:48:19]} Qf7 {[%clk 0:44:28]} 24. Rb1
{[%clk 0:47:22]} Bf8 {[%clk 0:42:13]} 25. Nd3 {[%clk 0:46:25]} Bxc5
{[%clk 0:33:27]} 26. Nxc5 {[%clk 0:46:45]} Nd7 {[%clk 0:32:25]} 27. Nxe6
{[%clk 0:44:31]} Qxe6 {[%clk 0:32:30]} 28. b4 {[%clk 0:43:10]} Qc4
{[%clk 0:25:28]} 29. Qb3 {[%clk 0:31:55]} Qxb3 {[%clk 0:24:37]} 30. Rxb3
{[%clk 0:32:23]} Rb8 {[%clk 0:22:50]} 31. Rb1 {[%clk 0:31:04]} Kf7
{[%clk 0:22:51]} 32. Kf1 {[%clk 0:31:14]} Ke6 {[%clk 0:19:58]} 33. Ke2
{[%clk 0:29:19]} a6 {[%clk 0:19:00]} 34. Kd3 {[%clk 0:28:55]} Kd6
{[%clk 0:18:03]} 35. a5 {[%clk 0:23:31]} Ke6 {[%clk 0:16:44]} 36. Kc4
{[%clk 0:22:47]} Kd6 {[%clk 0:14:54]} 37. Na4 {[%clk 0:19:53]} Kc7
{[%clk 0:13:29]} 38. Rd1 {[%clk 0:19:16]} Rb5 {[%clk 0:08:33]} 39. Rd2
{[%clk 0:13:42]} f5 {[%clk 0:07:28]} 40. f3 {[%clk 0:40:55]} f4 {[%clk 0:36:38]}
41. Rc2 {[%clk 0:37:56]} g5 {[%clk 0:35:04]} 42. Nc3 {[%clk 0:36:25]} Rb8
{[%clk 0:33:49]} 43. Na4 {[%clk 0:31:50]} Rb5 {[%clk 0:33:36]} 44. Nb2
{[%clk 0:26:48]} h5 {[%clk 0:30:24]} 45. Nd3 {[%clk 0:15:49]} 1/2-1/2

[Event "MP do lat 16 - dziewczeta"]
[Site "Sypniewo"]
[Date "2022.03.22"]
[Round "4.11"]
[White "Pudelko, Magdalena"]
[Black "Niedorys, Karolina"]
[Result "0-1"]
[BlackElo "1583"]
[WhiteElo "1407"]
[LiveChessVersion "1.4.8"]

1. e4 c5 {[%clk 1:30:56]} 2. Nf3 {[%clk 1:31:25]} d6 {[%clk 1:31:23]} 3. d4
{[%clk 1:31:52]} cxd4 {[%clk 1:31:49]} 4. Nxd4 {[%clk 1:32:18]} Nf6
{[%clk 1:32:16]} 5. Nc3 {[%clk 1:32:42]} g6 {[%clk 1:32:12]} 6. f3
{[%clk 1:33:09]} Bg7 {[%clk 1:32:36]} 7. Be3 {[%clk 1:33:36]} O-O
{[%clk 1:32:54]} 8. Qd2 {[%clk 1:33:57]} Nc6 {[%clk 1:29:04]} 9. g4
{[%clk 1:34:22]} Be6 {[%clk 1:27:53]} 10. Nxe6 {[%clk 1:34:42]} fxe6
{[%clk 1:28:17]} 11. O-O-O {[%clk 1:35:06]} Qa5 {[%clk 1:24:13]} 12. Bc4
{[%clk 1:28:35]} Kf7 {[%clk 0:54:49]} 13. h4 {[%clk 1:11:16]} Ne5
{[%clk 0:51:59]} 14. Be2 {[%clk 0:55:15]} Rac8 {[%clk 0:39:16]} 15. h5
{[%clk 0:52:47]} Nxh5 16. Bd4 {[%clk 0:19:07]} Nf6 {[%clk 0:11:56]} 17. f4
{[%clk 0:05:42]} Nc6 {[%clk 0:07:47]} 18. Bxf6 {[%clk 0:05:10]} Bxf6
{[%clk 0:06:43]} 19. Rxh7+ {[%clk 0:05:35]} Kg8 {[%clk 0:05:36]} 20. Rh3
{[%clk 0:06:00]} Nb4 {[%clk 0:04:56]} 21. a4 {[%clk 0:02:38]} Bxc3
{[%clk 0:02:53]} 22. bxc3 {[%clk 0:02:51]} Qxa4 {[%clk 0:02:44]} 23. Rh8+
{[%clk 0:01:40]} Kxh8 {[%clk 0:02:18]} 24. Qd4+ {[%clk 0:02:00]} Kg8
{[%clk 0:02:15]} 25. Bd3 {[%clk 0:01:04]} Na2+ {[%clk 0:01:21]} 0-1

[Event "MP do lat 16 - dziewczeta"]
[Site "Sypniewo"]
[Date "2022.03.22"]
[Round "4.12"]
[White "Arciszewska, Zuzanna"]
[Black "Dallemura, Anna"]
[Result "1/2-1/2"]
[BlackElo "1518"]
[WhiteElo "1589"]
[LiveChessVersion "1.4.8"]

1. e4 {[%clk 1:30:59]} e5 {[%clk 1:30:55]} 2. Nf3 {[%clk 1:31:13]} Nc6
{[%clk 1:31:11]} 3. Bc4 {[%clk 1:31:30]} Bc5 {[%clk 1:31:28]} 4. c3
{[%clk 1:31:39]} Nf6 {[%clk 1:31:31]} 5. d3 {[%clk 1:31:45]} d6 {[%clk 1:31:12]}
6. Bb3 {[%clk 1:31:17]} Bb6 {[%clk 1:30:16]} 7. Nbd2 {[%clk 1:30:49]} Be6
{[%clk 1:29:37]} 8. Bc2 {[%clk 1:30:10]} Ne7 {[%clk 1:28:26]} 9. Nf1
{[%clk 1:27:22]} Ng6 {[%clk 1:26:10]} 10. Ng3 {[%clk 1:26:35]} h6
{[%clk 1:25:26]} 11. h3 {[%clk 1:25:19]} c6 {[%clk 1:22:35]} 12. d4
{[%clk 1:14:35]} Qc7 {[%clk 1:16:16]} 13. Be3 {[%clk 1:06:49]} a5
{[%clk 1:06:54]} 14. Qe2 {[%clk 1:01:09]} O-O {[%clk 1:03:41]} 15. O-O
{[%clk 0:59:57]} Rfe8 {[%clk 1:03:07]} 16. Rfe1 {[%clk 0:54:27]} Rad8
{[%clk 1:00:29]} 17. Rad1 {[%clk 0:34:59]} Bc8 {[%clk 0:48:35]} 18. Qd2
{[%clk 0:30:48]} Kh7 {[%clk 0:38:54]} 19. Qc1 {[%clk 0:26:08]} Ba7
{[%clk 0:35:43]} 20. a3 {[%clk 0:16:39]} b5 {[%clk 0:24:30]} 21. Nf5
{[%clk 0:13:13]} Bxf5 {[%clk 0:20:38]} 22. exf5 {[%clk 0:13:35]} Ne7
{[%clk 0:10:59]} 23. dxe5 {[%clk 0:13:28]} Bxe3 {[%clk 0:10:42]} 24. Rxe3
{[%clk 0:11:54]} dxe5 {[%clk 0:10:30]} 25. Rxe5 {[%clk 0:10:56]} Ned5
{[%clk 0:09:49]} 26. Rde1 {[%clk 0:09:31]} Kg8 {[%clk 0:09:33]} 27. Bb3
{[%clk 0:07:56]} Rxe5 {[%clk 0:07:47]} 28. Rxe5 {[%clk 0:08:05]} Qd7
{[%clk 0:05:36]} 29. c4 {[%clk 0:04:07]} Nc7 {[%clk 0:03:49]} 30. cxb5
{[%clk 0:03:42]} cxb5 {[%clk 0:04:17]} 31. Rc5 {[%clk 0:03:37]} Ncd5
{[%clk 0:03:04]} 32. Nd4 {[%clk 0:02:38]} b4 {[%clk 0:03:14]} 33. Rxa5 bxa3
{[%clk 0:03:38]} 34. Bxd5 {[%clk 0:01:22]} axb2 {[%clk 0:02:33]} 35. Qxb2
{[%clk 0:01:50]} Nxd5 {[%clk 0:02:47]} 36. Nf3 {[%clk 0:00:58]} Qxf5
{[%clk 0:01:38]} 37. Qb5 {[%clk 0:00:46]} Qe6 {[%clk 0:01:31]} 38. Ra1
{[%clk 0:00:40]} Nf6 {[%clk 0:01:45]} 39. Re1 {[%clk 0:01:05]} Qd6
{[%clk 0:01:33]} 40. Qb7 {[%clk 0:31:16]} Rd7 {[%clk 0:31:26]} 41. Qc8+
{[%clk 0:31:29]} Rd8 {[%clk 0:31:50]} 42. Qc4 {[%clk 0:31:52]} Re8
{[%clk 0:29:53]} 43. Rxe8+ {[%clk 0:32:08]} Nxe8 {[%clk 0:30:18]} 1/2-1/2

[Event "MP do lat 16 - dziewczeta"]
[Site "Sypniewo"]
[Date "2022.03.22"]
[Round "4.13"]
[White "Gaczol, Julia"]
[Black "Janikowska, Wiktoria"]
[Result "0-1"]
[BlackElo "1564"]
[WhiteElo "1462"]
[LiveChessVersion "1.4.8"]

1. e4 {[%clk 1:30:59]} c6 {[%clk 1:30:48]} 2. d4 {[%clk 1:31:22]} d5
{[%clk 1:31:07]} 3. e5 {[%clk 1:31:46]} Bf5 {[%clk 1:31:30]} 4. h4
{[%clk 1:32:05]} h5 {[%clk 1:31:49]} 5. Bd3 {[%clk 1:32:30]} Bxd3
{[%clk 1:31:40]} 6. Qxd3 {[%clk 1:32:55]} e6 {[%clk 1:31:59]} 7. Nf3
{[%clk 1:32:52]} Ne7 {[%clk 1:31:55]} 8. c4 {[%clk 1:26:38]} dxc4
{[%clk 1:27:14]} 9. Qxc4 {[%clk 1:25:58]} Nd7 {[%clk 1:21:09]} 10. O-O
{[%clk 1:19:50]} Nf5 {[%clk 1:17:54]} 11. Bg5 {[%clk 1:12:48]} Be7
{[%clk 1:14:57]} 12. Bxe7 {[%clk 1:10:26]} Qxe7 {[%clk 1:14:58]} 13. g3
{[%clk 1:10:13]} Nb6 {[%clk 1:11:59]} 14. Qc2 {[%clk 1:02:55]} Rd8
{[%clk 1:03:51]} 15. Rd1 {[%clk 1:00:50]} Qb4 {[%clk 1:01:11]} 16. a3
{[%clk 0:59:30]} Qc4 {[%clk 0:56:49]} 17. Qc3 {[%clk 0:49:04]} c5
{[%clk 0:47:59]} 18. b3 {[%clk 0:40:13]} Qd5 {[%clk 0:43:03]} 19. Rd3
{[%clk 0:29:54]} Nxd4 {[%clk 0:41:06]} 20. Nxd4 {[%clk 0:27:26]} cxd4
{[%clk 0:41:22]} 21. Qc7 {[%clk 0:11:34]} Rc8 {[%clk 0:41:01]} 22. Qd6
{[%clk 0:11:19]} Rc1+ {[%clk 0:41:20]} 23. Kh2 {[%clk 0:10:43]} Qh1#
{[%clk 0:41:41]} 0-1

[Event "MP do lat 16 - dziewczeta"]
[Site "Sypniewo"]
[Date "2022.03.22"]
[Round "4.14"]
[White "Staniewicz, Adrianna"]
[Black "Obrochta, Lena"]
[Result "0-1"]
[BlackElo "1685"]
[WhiteElo "1376"]
[LiveChessVersion "1.4.8"]

1. e4 {[%clk 1:30:57]} c5 {[%clk 1:30:49]} 2. Nf3 {[%clk 1:31:17]} e6
{[%clk 1:31:13]} 3. d4 {[%clk 1:31:42]} cxd4 {[%clk 1:31:22]} 4. Nxd4
{[%clk 1:32:00]} a6 {[%clk 1:31:23]} 5. Bd3 {[%clk 1:31:55]} Bc5 {[%clk 1:31:31]}
6. Ne2 {[%clk 1:30:58]} Nc6 {[%clk 1:29:31]} 7. Nbc3 {[%clk 1:30:20]} Nf6
{[%clk 1:25:31]} 8. O-O {[%clk 1:27:39]} O-O {[%clk 1:24:02]} 9. a4
{[%clk 1:23:57]} d6 {[%clk 1:19:08]} 10. h3 {[%clk 1:19:38]} Bd7 {[%clk 1:06:01]}
11. Kh1 {[%clk 1:18:09]} Qc7 {[%clk 0:57:55]} 12. f4 {[%clk 1:15:11]} Nb4
{[%clk 0:54:26]} 13. Qe1 {[%clk 1:09:34]} Bc6 {[%clk 0:51:51]} 14. Qg3
{[%clk 1:05:15]} d5 {[%clk 0:43:41]} 15. exd5 {[%clk 0:51:05]} Nbxd5
{[%clk 0:37:43]} 16. Nxd5 {[%clk 0:45:45]} Bxd5 {[%clk 0:37:52]} 17. Be3
{[%clk 0:43:32]} Be4 {[%clk 0:31:46]} 18. Bxc5 {[%clk 0:40:46]} Qxc5
{[%clk 0:29:15]} 19. Nc3 {[%clk 0:31:56]} Bxd3 {[%clk 0:26:56]} 20. Qxd3
{[%clk 0:31:55]} Rfd8 {[%clk 0:27:12]} 21. Qe2 {[%clk 0:30:58]} Qb4
{[%clk 0:26:31]} 22. Rab1 {[%clk 0:28:25]} Rac8 {[%clk 0:23:57]} 23. Kh2
{[%clk 0:26:01]} h5 {[%clk 0:21:59]} 24. g3 {[%clk 0:23:03]} Rd4 {[%clk 0:20:36]}
25. Rfd1 {[%clk 0:22:23]} Rxd1 {[%clk 0:17:31]} 26. Qxd1 {[%clk 0:22:41]} Ne4
{[%clk 0:15:51]} 27. Nxe4 {[%clk 0:22:28]} Qxe4 {[%clk 0:16:17]} 28. c3
{[%clk 0:22:38]} h4 {[%clk 0:16:35]} 29. Rc1 {[%clk 0:21:11]} hxg3+
{[%clk 0:14:25]} 30. Kxg3 {[%clk 0:20:39]} Qe3+ {[%clk 0:14:35]} 31. Kg4
{[%clk 0:19:09]} f5+ {[%clk 0:14:51]} 32. Kh5 {[%clk 0:18:34]} Qxh3+
{[%clk 0:15:01]} 33. Kg5 {[%clk 0:18:46]} Qh6# 0-1